Normal view
MARC view
- Southern States
Entry Geographic Name
001 - CONTROL NUMBER
- control field: 143096
003 - CONTROL NUMBER IDENTIFIER
- control field: KE-NaSUL
005 - DATE AND TIME OF LATEST TRANSACTION
- control field: 20250825194518.0
008 - FIXED-LENGTH DATA ELEMENTS
- fixed length control field: 250825|| aca||aabn | a|a d
040 ## - CATALOGING SOURCE
- Original cataloging agency: KE-NaSUL
- Transcribing agency: KE-NaSUL
151 ## - HEADING--GEOGRAPHIC NAME
- Geographic name: Southern States
- General subdivision: Race relations
- General subdivision: History
- Chronological subdivision: 19th century
670 ## - SOURCE DATA FOUND
- Source citation: Work cat.: (KE-NaSUL)101907: Rosén, Hannah. 143087, Terror in the heart of freedom, c2009.